00541 2200205 4500245008400000020001800084250001100102100002100113700001600134700001700150700002200167650001700189005001900206260003100225041001400256084001300270300003200283336000900315338001100324 aPsychic Detective Yakumo b : The Alternative Story 12cKaminaga, ManabuhText a9786023395149 aCet. 1 aKaminaga, Manabu aOda, Suzuka aYoke Yuliana aMartina Rosmawati aKomik Jepang a20230206092511 aJakartabPT Gramediac2015 aIndonesia a741.5592 a... jil. :bilus. ;c18 cm. atext avolume